| 000 | 00299nam a2200109Ia 4500 | ||
|---|---|---|---|
| 008 | 230907s9999||||xx |||||||||||||| ||und|| | ||
| 082 |
_a697.00299 _bWEN |
||
| 100 |
_aWendes, Herbert _9118033 |
||
| 245 |
_aHVAC procedures & forms manual / _cHerbert Wendes. |
||
| 260 | _c2019-09-27 | ||
| 942 |
_2ddc _cEB |
||
| 999 |
_c599638 _d599638 |
||